000 01239cam a2200253 i 4500
003 SA-RiAUC
005 20250811060457.0
008 250807s2009 ua g 000r0 ara c
040 _aSA-JeKAU
_bara
_cSA-RiAUC
_erda
082 0 4 _a260
090 _a260
_bا ب ن ص
100 1 _aابن الصديق، أحمد بن محمد،
_d1901-1960
_eمؤلف.
245 1 0 _aصحيفة سوابق جريدة بوائق :
_bجمعها نصيحة لله ورسوله ولجماعة المسلمين من كلام الشيخ الصوفي أبي الفيض أحمد بن محمد بن الصديق الغماري الطنجي /
_c جمع أبي أويس محمد بوخبزة الحسني.
250 _aالطبعة الأولى.
264 1 _aالقاهرة :
_aالرياض :
_bدار الآفاق ؛
_bدار التوحيد للنشر،
_c2009.
300 _a382 صفحة ؛
_c24 × 17 سم
336 _aنص
_btxt
_2rdacontent
_3كتاب
337 _aبدون وسيط
_bn
_2rdamedia
338 _aمجلد
_bnc
_2rdacarrier
650 7 _aالتصوف الإسلامي
_2aucsh
700 1 _aالحسني، محمد بن الأمين بوخبزة،
_d1932-2020
_eجامع.
942 _2ddc
_cBOOK
_n0
949 _aSA-JeALM
_d250807
_umohamedma123
_n1
999 _c10709
_d10709